000 00791nam a2200205 a 4500
008 130516s2010 ||||||||||||||||| || u
020 _a9780702033773
050 _aRC 925 Muc
100 _aTaylor, Thomas
245 1 4 _aThe musculoskeletal system: basic science and clinical conditions. (2nd ed.)
_cby Philip Sambrook (and others)
250 _a2nd ed.
260 _aEdinburgh, London:
_bElsevier
_c2010
300 _a174p.: ill.
650 _aMUSCULOSKELETAL DISEASES
650 _aMUSCULOSKELETAL SYSTEM-DISEASES
700 _aSchrieber, Leslie
700 _aEllis, Andrew
700 _aSambrook, Philip
995 _aMEDICAL LIBRARY OPEN ACCESS
_e902048
_FCBU-SCHOOL OF MEDICINE LIBRARY (Ndola)
_jRC 925 Muc
_M1
_UAVAILABLE
_WMay 21, 2013
_y902048
_ZMedical Library Open Access Collection
999 _c32127
_d32127